Quizzes
Events
Quiz Creation
Community
Videos
Private Events
Remove Ads
Sign In
Join for FREE
Feedback
Dark Mode
Quiz Categories
Sports
Geography
Music
Movies
Television
Just For Fun
Miscellaneous
History
Literature
Language
Science
Gaming
Entertainment
Religion
Holiday
For Kids
Quiz Lab
Recent
Popular Today
Quiz Kudos Today
Editor Picks
Curator Picks
Quizzes by...
Day
Popularity
Type
Ratings
Length
Year
Community
Subscriptions
Recent Discussions
Orange Saloon
Badges
Playlists
Quests
Create
Leaderboards
Showdown
Live 5
Trivia Bingo
Activity
Puzzle Library
Sporcle Events
Private Events
Virtual Trivia
Globe League
Become a Host
Pub Owners
SporcleCon
Opinionation
Our Games
Videos
Blog
Mobile Apps
Partnerships
Remove Ads and Go Orange
Feedback
Literature
Harry Potter
A Song of Ice and Fire
The Hunger Games
Literary Character
Shakespeare
Book
Author
Novel
Poem
Young Adult
Children's Books
Play
Lord of the Rings
Literature
Harry Potter
A Song of Ice and Fire
The Hunger Games
Literary Character
Shakespeare
Book
Author
Novel
Poem
Young Adult
Children's Books
Play
Lord of the Rings
Random Quiz
Search Sporcle
×
Quiz Lab
Quiz Lab
Literature
Hierarchy
Type in answers that appear in a list
Type in answers that appear in a list
Classic
Best Score? Go Orange.
Warriors Clan Positions Stats
Can you name the positoions for a Clan from Warriors?
By
kesodop
2m
9 Questions
1,885 Plays
1,885 Plays
1,885 Plays
Comments
Comments
Give Quiz Kudos
Give Quiz Kudos
-
- Ratings
hide this ad
Replay
Link that replays current quiz
Next Quiz
Link to next quiz in quiz playlist
You Got
0%
They Got
Avg Score
92%
Avg Friend Score
Upgrade to see
Score Distribution
Jump to the score distribution portion of the page
Score
0/9
Timer
02:00
0
Plays Today
Example
Position
% Correct
Firestar
Leader
99.9%
Redtail
Deputy
98.8%
Lionblaze
Warrior
98.4%
Smallear
Elder
96.9%
Ferncloud
Queen
96.5%
Jayfeather
Medicine Cat
96.1%
Mosskit
Kit
92.3%
Swiftpaw
Apprentice
90.6%
Willowshine
Medicine Cat Apprentice
66.4%
Quiz Playlist
Details
Report
Send in Message
Add To Playlist
Classic:
Type in answers that appear in a list
Last Updated: Feb 16, 2017
Quiz Scoreboard
CHALLENGE
Sign Up to Join the Scoreboard
Show All
Scores
Hide
Comments
May contain spoilers
Recently Published
Presidents Visiting Landmarks
by Hejman
History
7m
An Introduction to Baseball
by treessimontrees
Sports
5m
Movies - When Are They Set?
by FPL_Elf
Movies
5m
More to Explore
Quiz From the Vault
Featured Blog Post
Where Did the Easter Bunny Come From?
hide this ad
You Might Also Like...
Tags
cat
clan
Clan Members
Erin Hunter
Hierarchy
Warrior
Warrior Cats
Warriors Books
Warriors Characters
Today's Top Quizzes in Literature
Browse Literature
hide this ad
Today's Top Quizzes in Hierarchy
Browse Hierarchy
Top Contributed Quizzes in Literature
1
Sneaky Slytherin Logic Puzzle
2
Get The Picture: Black or White Literature
3
A Court of Thorns and Roses (ACoTaR) Logic Puzzle
4
5-to-1: Plays
5
One Thing in Common: Literature
6
One Thing in Common: Literature 3
7
One Thing in Common: Literature II
8
Harry Potter Neighbourly Logic Puzzle #5
9
One Thing in Common: Books
10
Harry Potter Neighbourly Logic Puzzle #6
Explore More
Trending Topics
Harry Potter
NBA
Marvel
Crossword
Kpop
Anime
Disney
Puzzle
The Office
Song
NFL
Country
WWE
Pokémon
Soccer
hide this ad
More By:
kesodop
Quiz
Plays
Rating
Category
Featured
Created
NBA Multiple-Team States
84,782
3.85
Sports
May 22, 2013
NHL Multiple Team States/Provinces
60,860
4.45
Sports
May 22, 2013
Warriors Sorting Blitz
29,248
4.50
Literature
Jun 23, 2014
Warriors Medicine Cats
14,029
4.00
Literature
Jul 15, 2014
Warriors Mates
8,606
3.00
Literature
Nov 4, 2013
Go to Creator's Profile
Score Distribution
Quiz Creator Spotlight
kesodop
Follow
Send a Message
Quizzes Created
-
Created Quiz Play Count
-
More By This Creator
Popular Quizzes Today
1
Find the US States - No Outlines Minefield
2
Find the Countries of Europe - No Outlines Minefield
3
The Countries of the World
4
Find the US States
5
Popular People in 1961
6
US States
7
Risky Map Clicking: Biggest States A-Z
8
Movies - When Are They Set?
More Literature Quizzes
Who Are They Talking About? (Literature II)
Editor's Pick
Trending Quizzes
Risky Map Clicking: Least Populous States A-Z
1-10 Letter G Words
1-10 Letter F Words
Risky Map Clicking: Next State Alphabetically
Risky Map Clicking: Biggest States A-Z
Recently Updated
Leaping Animals
pecheneg
Reality TV Shows (A-Z)
bhenderson79
Rickey Henderson's Hall of Fame Teammates
pecheneg
Champions League XIs: Arsenal
pecheneg
Quick Pick: Celebrities in WWE's Hall of Fame
aduchscher
A-Z Keypad Blitz II
pecheneg
Multiple Oscar Actors
pecheneg
Mystery Phrase Blitz: Oscar 'Best Actors'
pecheneg
F. Scott Fitzgerald Novels
LTH
Pick 3 Villains
ddd62291
Trending Topics
Marvel
NBA
Crossword
Anime
Kpop
Disney
Harry Potter
WWE
Puzzle
Country
Song
Soccer
The Office
NFL
Pokémon
Your Account Isn't Verified!
In order to create a playlist on Sporcle, you need to verify the email address you used during registration. Go to your
Sporcle Settings
to finish the process.
Report this User
Report this user for behavior that violates our
Community Guidelines
.
Details:
Send Report
Go to the Sporcle.com Mobile Site →
Comments